000
00273nam a22001217a 4500
020
_a
NA
082
_2
22
_a
621.3819
100
_a
Kumar, Anand A.
245
_a
Fuindamentals of digital circuit /
260
_b
Prentice Hall,
_c
c2006.
300
_a
0
_b
ill. ;
942
_2
ddc
_c
EE
999
_c
4014
_d
4014